|
|
|
|
| LEADER |
00000nam a22000007a 4500 |
| 005 |
20130115185137.0 |
| 007 |
cr|||| |||| |
| 008 |
130115e2011 sp |||||s|||| 00||0 spa d |
| 020 |
|
|
|a 978-84-9961-029-0
|
| 035 |
|
|
|a 6934
|
| 040 |
|
|
|a vLex
|
| 090 |
|
|
|c 3526
|d 3526
|
| 100 |
1 |
0 |
|a Alfonso Laso, Daniel de
|
| 245 |
1 |
3 |
|a El Cd̤igo Penal Espaǫl visto e interpretado por el Tribunal Supremo y la Fiscala̕ General del Estado
|h [Recurso electrn̤ico]
|
| 256 |
|
|
|a Servicio en ln̕ea
|
| 260 |
|
|
|a Madrid :
|b Editorial Universitaria Ramn̤ Areces,
|c 2011
|
| 300 |
|
|
|a 1 Recurso electrn̤ico
|
| 650 |
0 |
4 |
|a Derecho penal
|
| 650 |
0 |
4 |
|a Jurisprudencia
|
| 700 |
1 |
0 |
|a Bautista Samaniego, Carlos
|
| 740 |
|
|
|a vLex Libros (Servicio en ln̕ea)
|
| 856 |
|
|
|a Acceso restringido
|u http://vlex.com/source/6934
|
| 942 |
|
|
|c BOOK
|
| 999 |
|
0 |
|a Criminal law
|
| 999 |
|
0 |
|a Spain
|